[Event "Bodensee op Seniors 6th"]
[Site "Bregenz"]
[Date "2022.05.27"]
[Round "6"]
[White "Bhend, Edwin"]
[Black "Janko, Ladislav"]
[Result "1/2-1/2"]
[WhiteElo "2093"]
[BlackElo "2210"]
[PlyCount "62"]
[EventDate "2022.05.22"]
[EventType "swiss"]
[EventRounds "7"]
[EventCountry "AUT"]
[SourceTitle "CBM 208 Extra"]
[Source "ChessBase"]
[SourceDate "2022.07.31"]
[SourceVersion "1"]
[SourceVersionDate "2022.07.31"]
[SourceQuality "1"]

1. d4 c5 2. e3 cxd4 3. exd4 d5 4. Bd3 Nc6 5. c3 g6 6. Nf3 Bg7 7. Bf4 Nh6 8. Nbd2 0-0 9. 0-0 Nf5 10. Re1 Re8 11. h3 f6 12. Bb5 a6 13. Bxc6 bxc6 14. Nb3 e6 15. Nc5 Bf8 16. Nd3 Nd6 17. Nd2 Nf7 18. Nf3 Ra7 19. Qa4 Bd6 20. Bxd6 Qxd6 21. Qb4 Qd8 22. Qc5 Rc7 23. Re2 Qd6 24. Rae1 Rce7 25. Qxd6 Nxd6 26. Nd2 Nf7 27. f4 a5 28. Re3 Nd6 29. g4 h6 30. b3 Kf8 31. Kh2 g5 1/2-1/2

[Event "AUT-chT2W 1920"]
[Site "Austria"]
[Date "2020.03.07"]
[Round "10.2"]
[White "Janko, Ladislav"]
[Black "Lehner, Oliver"]
[Result "0-1"]
[WhiteElo "2184"]
[BlackElo "2412"]
[PlyCount "38"]
[EventDate "2019.10.04"]
[EventType "team-tourn"]
[EventRounds "11"]
[EventCountry "AUT"]
[SourceTitle "CBM 195 Extra"]
[Source "ChessBase"]
[SourceDate "2020.05.31"]
[SourceVersion "1"]
[SourceVersionDate "2020.05.31"]
[SourceQuality "1"]
[WhiteTeam "Wolfurt"]
[BlackTeam "Absam"]
[WhiteTeamCountry "AUT"]
[BlackTeamCountry "AUT"]

1. e4 e5 2. Nf3 Nc6 3. Bb5 a6 4. Ba4 Nf6 5. d3 Bc5 6. c3 b5 7. Bc2 d6 8. b4 Bb6 9. a4 Bd7 10. Bg5 Rb8 11. Na3 0-0 12. 0-0 h6 13. Be3 d5 14. axb5 axb5 15. Qb1 Bg4 16. Bd1 Bxe3 17. fxe3 d4 18. cxd4 exd4 19. Nxd4 Nxd4 0-1

[Event "AUT-chT2W 1920"]
[Site "Austria"]
[Date "2020.01.17"]
[Round "6.3"]
[White "Brumen, Dinko"]
[Black "Janko, Ladislav"]
[Result "1-0"]
[WhiteElo "2317"]
[BlackElo "2184"]
[PlyCount "51"]
[EventDate "2019.10.04"]
[EventType "team-tourn"]
[EventRounds "11"]
[EventCountry "AUT"]
[SourceTitle "CBM 195 Extra"]
[Source "ChessBase"]
[SourceDate "2020.05.31"]
[SourceVersion "1"]
[SourceVersionDate "2020.05.31"]
[SourceQuality "1"]
[WhiteTeam "Schwarzach"]
[BlackTeam "Wolfurt"]
[WhiteTeamCountry "AUT"]
[BlackTeamCountry "AUT"]

1. d4 g6 2. Nf3 Bg7 3. Bf4 c5 4. e3 cxd4 5. exd4 d5 6. c3 Nc6 7. Nbd2 Nh6 8. Bd3 Nf5 9. Qe2 Nd6 10. Ne5 f6 11. Nxc6 bxc6 12. h4 Nf7 13. 0-0-0 0-0 14. h5 g5 15. h6 Bxh6 16. Be3 e5 17. f3 Qe7 18. Qf2 f5 19. dxe5 Nxe5 20. Bc2 Qe6 21. Rde1 Re8 22. Qg3 Nf7 23. Bxg5 Qxe1+ 24. Rxe1 Rxe1+ 25. Qxe1 Bxg5 26. Qe8+ 1-0

[Event "AUT-chT2W 1920"]
[Site "Austria"]
[Date "2019.11.23"]
[Round "4.4"]
[White "Janko, Ladislav"]
[Black "Wollrab, Richard"]
[Result "1-0"]
[WhiteElo "2184"]
[BlackElo "2107"]
[PlyCount "67"]
[EventDate "2019.10.04"]
[EventType "team-tourn"]
[EventRounds "11"]
[EventCountry "AUT"]
[SourceTitle "CBM 193 Extra"]
[Source "ChessBase"]
[SourceDate "2020.01.31"]
[SourceVersion "1"]
[SourceVersionDate "2020.01.31"]
[SourceQuality "1"]
[WhiteTeam "Wolfurt"]
[BlackTeam "Salzburg ASK"]
[WhiteTeamCountry "AUT"]
[BlackTeamCountry "AUT"]

1. e4 c6 2. d4 d5 3. e5 Bf5 4. Nc3 e6 5. g4 Bg6 6. Nge2 c5 7. Be3 Nc6 8. h4 h5 9. Nf4 Nge7 10. Nb5 Nc8 11. Nxg6 fxg6 12. Qd3 Kf7 13. gxh5 Rxh5 14. Rg1 Rf5 15. Bh3 Qxh4 16. Bxf5 gxf5 17. 0-0-0 a6 18. Nc7 c4 19. Qe2 Ra7 20. Rh1 Qd8 21. Qh5+ g6 22. Qh7+ Bg7 23. Qxg7+ Kxg7 24. Nxe6+ Kg8 25. Nxd8 Nxd8 26. Rdg1 Kg7 27. Bh6+ Kf7 28. Bg5 Ne6 29. Bf6 Nxd4 30. Rh7+ Ke6 31. Rxg6 Ne2+ 32. Kd1 Nf4 33. Rg8 b5 34. Re8+ 1-0

[Event "AUT-chT2W 1920"]
[Site "Austria"]
[Date "2019.10.06"]
[Round "3.4"]
[White "Janko, Ladislav"]
[Black "Meier, Alexander"]
[Result "1-0"]
[WhiteElo "2184"]
[BlackElo "2206"]
[PlyCount "79"]
[EventDate "2019.10.04"]
[EventType "team-tourn"]
[EventRounds "11"]
[EventCountry "AUT"]
[SourceTitle "CBM 192 Extra"]
[Source "Chessbase"]
[SourceDate "2019.11.06"]
[SourceVersion "1"]
[SourceVersionDate "2019.11.06"]
[SourceQuality "1"]
[WhiteTeam "Wolfurt"]
[BlackTeam "Pradl"]
[WhiteTeamCountry "AUT"]
[BlackTeamCountry "AUT"]

1. e4 g6 2. d4 Bg7 3. Nc3 d6 4. Bg5 a6 5. Qd2 Nd7 6. f3 b5 7. Nge2 Bb7 8. h4 h5 9. Nd1 c5 10. c3 Ngf6 11. Nf2 Rc8 12. g3 Qc7 13. Bh3 0-0 14. 0-0 Rfe8 15. Kg2 e6 16. Rfc1 Nb6 17. b3 c4 18. b4 Bc6 19. g4 Nbd7 20. Ng3 hxg4 21. Bxg4 Nxg4 22. Nxg4 f5 23. Nh6+ Bxh6 24. Bxh6 Nf6 25. Qg5 Qf7 26. exf5 exf5 27. h5 Kh7 28. Rh1 gxh5 29. Qxf5+ Qg6 30. Qxg6+ Kxg6 31. Bf4 Rcd8 32. Kf2 Rh8 33. Rag1 Kf7 34. Bg5 Rdg8 35. Bxf6 Kxf6 36. Rxh5 Bd7 37. Ne4+ Ke7 38. Rxg8 Rxh5 39. Rg7+ Kd8 40. Rxd7+ 1-0

[Event "SVK-chT1W 1516"]
[Site "Slovakia"]
[Date "2016.03.20"]
[Round "11.3"]
[White "Janko, Ladislav"]
[Black "Puskar, Peter"]
[Result "1-0"]
[WhiteElo "2166"]
[BlackElo "2084"]
[PlyCount "69"]
[EventDate "2015.10.24"]
[EventType "team-tourn"]
[EventRounds "11"]
[EventCountry "SVK"]
[SourceTitle "EXT 2017"]
[Source "ChessBase"]
[SourceDate "2016.10.25"]
[SourceVersion "1"]
[SourceVersionDate "2016.10.25"]
[SourceQuality "1"]
[WhiteTeam "Gabcikovo"]
[BlackTeam "Trnava Lokomotiva"]
[WhiteTeamCountry "SVK"]
[BlackTeamCountry "SVK"]

1. e4 c5 2. Nf3 d6 3. c3 Nc6 4. h3 Nf6 5. Bd3 e6 6. Bc2 Bd7 7. d3 Be7 8. Nbd2 b5 9. Nf1 0-0 10. Ng3 Qc7 11. 0-0 e5 12. Qe2 a6 13. Nh4 Ne8 14. Nhf5 Bxf5 15. Nxf5 Nd8 16. f4 Ne6 17. fxe5 dxe5 18. Bb3 Nd6 19. Bd5 Rab8 20. Qg4 Nxf5 21. Rxf5 Nf4 22. Bxf4 exf4 23. Rxf4 Bd6 24. Rf5 Kh8 25. Raf1 f6 26. Rh5 h6 27. Qg6 Rbe8 28. d4 cxd4 29. cxd4 Qa7 30. Kh1 Qe7 31. e5 fxe5 32. Rf7 Rxf7 33. Bxf7 Qxf7 34. Qxf7 Rf8 35. Qg6 1-0

[Event "SVK-chT1W 1516"]
[Site "Slovakia"]
[Date "2016.02.21"]
[Round "9.5"]
[White "Janko, Ladislav"]
[Black "Mikulas, Dusan"]
[Result "1-0"]
[WhiteElo "2166"]
[BlackElo "2065"]
[PlyCount "117"]
[EventDate "2015.10.24"]
[EventType "team-tourn"]
[EventRounds "11"]
[EventCountry "SVK"]
[SourceTitle "EXT 2017"]
[Source "ChessBase"]
[SourceDate "2016.10.25"]
[SourceVersion "1"]
[SourceVersionDate "2016.10.25"]
[SourceQuality "1"]
[WhiteTeam "Gabcikovo"]
[BlackTeam "Bratislava Slovan II"]
[WhiteTeamCountry "SVK"]
[BlackTeamCountry "SVK"]

1. e4 e5 2. Nf3 Nc6 3. Bb5 g6 4. d4 Bg7 5. d5 Nd4 6. Nxd4 exd4 7. 0-0 c6 8. Bc4 d6 9. c3 dxc3 10. Nxc3 Ne7 11. Bf4 cxd5 12. Bxd5 0-0 13. Bxd6 Re8 14. Bxe7 Qxe7 15. Qb3 Bd7 16. Rad1 Bc6 17. Rfe1 Rac8 18. Bxc6 bxc6 19. Qc4 h5 20. Na4 Rc7 21. b3 h4 22. h3 Be5 23. Nc5 Rd8 24. Rxd8+ Qxd8 25. Nd3 Bd4 26. e5 Kg7 27. e6 Re7 28. exf7 Rxf7 29. Re4 c5 30. Nf4 Bxf2+ 31. Kxf2 g5 32. Qxc5 Rxf4+ 33. Ke3 Rf7 34. Qd4+ Qxd4+ 35. Rxd4 Kg6 36. b4 Rc7 37. Rd2 Rc4 38. Rb2 Kf5 39. a4 Ke5 40. a5 Rc3+ 41. Kd2 Ra3 42. Ke2 Kf4 43. Rd2 Rb3 44. Rd4+ Ke5 45. Rg4 Kf5 46. Kd2 a6 47. Kc2 Ra3 48. Kb2 Re3 49. Rc4 Re2+ 50. Rc2 Re6 51. Rf2+ Kg6 52. Kb3 g4 53. hxg4 Kg5 54. b5 axb5 55. Ra2 Kxg4 56. a6 Re8 57. Kb4 Kg3 58. Kxb5 Rb8+ 59. Kc6 1-0

[Event "SVK-chT1W 1516"]
[Site "Slovakia"]
[Date "2015.12.13"]
[Round "6.1"]
[White "Janko, Ladislav"]
[Black "Jancovic, Peter"]
[Result "1/2-1/2"]
[WhiteElo "2166"]
[BlackElo "2178"]
[PlyCount "121"]
[EventDate "2015.10.24"]
[EventType "team-tourn"]
[EventRounds "11"]
[EventCountry "SVK"]
[SourceTitle "CBM 170 Extra"]
[Source "ChessBase"]
[SourceDate "2016.02.25"]
[SourceVersion "1"]
[SourceVersionDate "2016.02.25"]
[SourceQuality "1"]
[WhiteTeam "Gabcikovo"]
[BlackTeam "Nitra Trogar"]
[WhiteTeamCountry "SVK"]
[BlackTeamCountry "SVK"]

1. e4 c5 2. Nf3 d6 3. c3 Nf6 4. h3 Nc6 5. Bd3 g6 6. Bc2 Bg7 7. 0-0 0-0 8. Qe2 Nh5 9. Rd1 e5 10. d3 Be6 11. Na3 h6 12. d4 cxd4 13. cxd4 exd4 14. Ba4 Qb6 15. Nc2 Rfe8 16. Bxc6 bxc6 17. Nfxd4 Bd5 18. Nf5 gxf5 19. Qxh5 Bxe4 20. Bxh6 Bxh6 21. Qxh6 Re6 22. Qd2 Kh7 23. Ne1 Rg8 24. Kh2 Qb5 25. Qf4 Qxb2 26. f3 Reg6 27. Qh4+ Rh6 28. Qf4 Bd5 29. Qxf5+ Rhg6 30. Rab1 Qf2 31. Rb4 Be6 32. Qe4 Qc5 33. Qd4 Qxd4 34. Rbxd4 Bxa2 35. Rxd6 Rxd6 36. Rxd6 Bd5 37. Nc2 a5 38. Ne3 Ra8 39. Nxd5 cxd5 40. Rxd5 a4 41. Rd2 a3 42. Ra2 Kg6 43. Kg3 Kf5 44. Kf2 Kf4 45. g3+ Ke5 46. Ke3 f5 47. f4+ Kd5 48. Kf3 Kc4 49. g4 Kb3 50. Ra1 Kb2 51. Re1 fxg4+ 52. hxg4 a2 53. g5 a1Q 54. Rxa1 Rxa1 55. f5 Kc3 56. Ke4 Kc4 57. Ke5 Re1+ 58. Kd6 Rg1 59. g6 Kd4 60. Ke6 Ke4 61. Kf7 1/2-1/2

[Event "SVK-chT1W 1516"]
[Site "Slovakia"]
[Date "2015.10.24"]
[Round "1.4"]
[White "Janko, Ladislav"]
[Black "Mikusik, Marian"]
[Result "1-0"]
[WhiteElo "2166"]
[BlackElo "2076"]
[PlyCount "31"]
[EventDate "2015.10.24"]
[EventType "team-tourn"]
[EventRounds "11"]
[EventCountry "SVK"]
[SourceTitle "CBM 170 Extra"]
[Source "ChessBase"]
[SourceDate "2016.02.25"]
[SourceVersion "1"]
[SourceVersionDate "2016.02.25"]
[SourceQuality "1"]
[WhiteTeam "Gabcikovo"]
[BlackTeam "Povazska Bystrica"]
[WhiteTeamCountry "SVK"]
[BlackTeamCountry "SVK"]

1. e4 d6 2. d4 Nd7 3. Bd3 c5 4. c3 Qc7 5. Nf3 Ngf6 6. 0-0 a6 7. Re1 e6 8. a4 b6 9. Nbd2 h6 10. e5 Nd5 11. Be4 Bb7 12. Nc4 cxd4 13. Nxd6+ Bxd6 14. exd6 Qxd6 15. Qxd4 0-0-0 16. c4 1-0

[Event "SVK-chT1W 1415"]
[Site "Slovakia"]
[Date "2015.03.01"]
[Round "9.6"]
[White "Federic, Jozef"]
[Black "Janko, Ladislav"]
[Result "1-0"]
[WhiteElo "2305"]
[BlackElo "2169"]
[PlyCount "79"]
[EventDate "2014.10.18"]
[EventType "team-tourn"]
[EventRounds "11"]
[EventCountry "SVK"]
[SourceTitle "EXT 2016"]
[Source "ChessBase"]
[SourceDate "2015.10.08"]
[SourceVersion "1"]
[SourceVersionDate "2015.10.08"]
[SourceQuality "1"]
[WhiteTeam "Modra"]
[BlackTeam "Gabcikovo Russel"]
[WhiteTeamCountry "SVK"]
[BlackTeamCountry "SVK"]

1. d4 g6 2. e4 c6 3. Nc3 d5 4. Nf3 Bg7 5. h3 Nh6 6. Bd3 dxe4 7. Nxe4 Nf5 8. c3 0-0 9. Bf4 Nd6 10. 0-0 Nxe4 11. Bxe4 Nd7 12. Qd2 Nf6 13. Bc2 Qa5 14. Rfe1 e6 15. Bd6 Rd8 16. Be7 Re8 17. Bb4 Qc7 18. Rad1 Bd7 19. Ne5 Rad8 20. c4 Bc8 21. Qe3 Nd7 22. Ng4 Nf8 23. Qf3 f5 24. Ne5 Nd7 25. Nxd7 Rxd7 26. Bc3 Rdd8 27. Ba4 Bd7 28. Bb3 c5 29. dxc5 e5 30. Qd5+ Be6 31. Bxe5 Qa5 32. Qxb7 Bxe5 33. Rxe5 Rxd1+ 34. Bxd1 Qd2 35. Qf3 Qxb2 36. Qe3 Kf7 37. Bb3 Kf6 38. f4 h6 39. c6 g5 40. c5 1-0

[Event "SVK-chT2A 1314"]
[Site "Slovakia"]
[Date "2014.03.15"]
[Round "10.5"]
[White "Ac, Alexander"]
[Black "Janko, Ladislav"]
[Result "0-1"]
[WhiteElo "2080"]
[BlackElo "2202"]
[PlyCount "50"]
[EventDate "2013.10.19"]
[EventType "team-tourn"]
[EventRounds "11"]
[EventCountry "SVK"]
[SourceTitle "EXT 2015"]
[Source "ChessBase"]
[SourceDate "2014.11.20"]
[SourceVersion "1"]
[SourceVersionDate "2014.11.20"]
[SourceQuality "1"]
[WhiteTeam "Devinska Nova Ves II"]
[BlackTeam "Gabcikovo"]
[WhiteTeamCountry "SVK"]
[BlackTeamCountry "SVK"]

1. e4 c6 2. d4 d5 3. e5 Bf5 4. c4 e6 5. Nc3 Ne7 6. c5 b6 7. b4 a5 8. Qa4 bxc5 9. bxc5 f6 10. exf6 gxf6 11. Bf4 Bg7 12. Bd6 0-0 13. f4 Re8 14. h3 e5 15. dxe5 fxe5 16. fxe5 Ng6 17. Nf3 Nxe5 18. Nxe5 Qg5 19. Nxd5 Bxe5 20. Ne7+ Rxe7 21. Bc4+ Kh8 22. 0-0 Rg7 23. Qc2 Bxa1 24. Rxf5 Qe3+ 25. Kh2 Nd7 0-1

[Event "SVK-chT2A 1314"]
[Site "Slovakia"]
[Date "2014.01.11"]
[Round "5.5"]
[White "Janko, Ladislav"]
[Black "Partys, Petr"]
[Result "1/2-1/2"]
[WhiteElo "2202"]
[BlackElo "2007"]
[PlyCount "86"]
[EventDate "2013.10.19"]
[EventType "team-tourn"]
[EventRounds "11"]
[EventCountry "SVK"]
[SourceTitle "EXT 2015"]
[Source "ChessBase"]
[SourceDate "2014.11.20"]
[SourceVersion "1"]
[SourceVersionDate "2014.11.20"]
[SourceQuality "1"]
[WhiteTeam "Gabcikovo"]
[BlackTeam "Dunajska Streda II"]
[WhiteTeamCountry "SVK"]
[BlackTeamCountry "SVK"]

1. e4 c5 2. Nf3 d6 3. c3 Nf6 4. h3 Nbd7 5. Bd3 g6 6. Bc2 Bg7 7. d4 Qc7 8. 0-0 0-0 9. Re1 e5 10. a4 a6 11. Nbd2 Rb8 12. b4 exd4 13. bxc5 dxc5 14. cxd4 cxd4 15. Nxd4 Nc5 16. Bb2 Rd8 17. N2f3 Bd7 18. Ra3 Rbc8 19. Qa1 Nh5 20. Rae3 Nf4 21. e5 Nce6 22. Bb3 Qb8 23. h4 Bc6 24. Nxc6 bxc6 25. Bc4 Qb4 26. Qa2 Nd5 27. Re4 Qa5 28. Ng5 Nc5 29. R4e2 h6 30. Ne4 Ne6 31. Nd6 Rb8 32. Rd1 Nef4 33. Re4 Rxd6 34. Rxf4 Nxf4 35. Rxd6 Qe1+ 36. Kh2 Qxf2 37. Bc3 Qxh4+ 38. Kg1 Ne6 39. Rxc6 Rd8 40. Qe2 Nf4 41. Qf3 Ne6 42. a5 Ng5 43. Qe2 Qg3 1/2-1/2

[Event "SVK-chT2A 1314"]
[Site "Slovakia"]
[Date "2013.11.23"]
[Round "3.4"]
[White "Janko, Ladislav"]
[Black "Janos, Ivan"]
[Result "1-0"]
[WhiteElo "2202"]
[BlackElo "2105"]
[PlyCount "99"]
[EventDate "2013.10.19"]
[EventType "team-tourn"]
[EventRounds "11"]
[EventCountry "SVK"]
[SourceTitle "EXT 2015"]
[Source "ChessBase"]
[SourceDate "2014.11.20"]
[SourceVersion "1"]
[SourceVersionDate "2014.11.20"]
[SourceQuality "1"]
[WhiteTeam "Gabcikovo"]
[BlackTeam "Pezinok"]
[WhiteTeamCountry "SVK"]
[BlackTeamCountry "SVK"]

1. e4 c5 2. Nf3 e6 3. c3 Nf6 4. Bd3 b6 5. e5 Nd5 6. c4 Nf4 7. Be4 Nc6 8. 0-0 Ng6 9. Nc3 Bb7 10. Re1 Qb8 11. h4 Nd4 12. Bxb7 Qxb7 13. Nxd4 cxd4 14. Nb5 Nxh4 15. Qg4 Nf5 16. Nxd4 h5 17. Qf4 g5 18. Qe4 Qxe4 19. Rxe4 d5 20. exd6 Nxd6 21. Re2 Bg7 22. Nb3 Rc8 23. d3 g4 24. Bf4 Nf5 25. a4 0-0 26. a5 Rfd8 27. Rd2 h4 28. axb6 axb6 29. Ra6 e5 30. Be3 Nxe3 31. fxe3 g3 32. Rxb6 e4 33. d4 Rxc4 34. Kf1 Kh7 35. Ke2 Ra8 36. Rb5 Kg6 37. Rd1 Ra2 38. Nd2 Rc6 39. Nxe4 f5 40. Nd2 f4 41. Nf3 Rc2+ 42. Rd2 Rxd2+ 43. Kxd2 fxe3+ 44. Kxe3 Bf6 45. Kf4 Ra4 46. Rb6 Kf7 47. Ke3 Bxd4+ 48. Nxd4 Rxd4 49. Kxd4 h3 50. Rc6 1-0

[Event "SVK-chT1W 1011"]
[Site "Slovakia"]
[Date "2011.03.19"]
[Round "8"]
[White "Nicolini, Alexander"]
[Black "Janko, Ladislav"]
[Result "1/2-1/2"]
[WhiteElo "2152"]
[BlackElo "2239"]
[PlyCount "128"]
[EventDate "2010.11.06"]
[EventType "team-tourn"]
[EventRounds "11"]
[EventCountry "SVK"]
[SourceTitle "EXT 2012"]
[Source "ChessBase"]
[SourceDate "2011.11.24"]
[SourceVersion "1"]
[SourceVersionDate "2011.11.24"]
[SourceQuality "1"]
[WhiteTeam "Trnava Lokomotiva"]
[BlackTeam "Nove Zamky"]
[WhiteTeamCountry "SVK"]
[BlackTeamCountry "SVK"]

1. e4 c6 2. d4 d5 3. exd5 cxd5 4. Bd3 Nc6 5. c3 g6 6. h3 Bg7 7. Nf3 Nh6 8. 0-0 0-0 9. Re1 Nf5 10. Nbd2 Nd6 11. b3 Re8 12. Bb2 Bf5 13. Bf1 Qb6 14. g4 Bd7 15. Rc1 Rad8 16. Ne5 Nxe5 17. dxe5 Ne4 18. Nxe4 dxe4 19. c4 Bc6 20. Qe2 Bh6 21. Rcd1 e3 22. Rxd8 exf2+ 23. Qxf2 Rxd8 24. Qxb6 axb6 25. Bc3 Bd2 26. Bxd2 Rxd2 27. Re2 Rd1 28. Kf2 Kf8 29. Re3 Rd4 30. Be2 Ke8 31. Bf3 Bxf3 32. Kxf3 Kd7 33. Rc3 Ke6 34. c5 b5 35. c6 bxc6 36. Rxc6+ Kxe5 37. Rc5+ Rd5 38. Rc7 Kd6 39. Rb7 h5 40. Ke4 hxg4 41. hxg4 Re5+ 42. Kf3 Rc5 43. Ke4 Re5+ 44. Kf3 f6 45. Rb8 g5 46. Rb7 e6 47. Rg7 Rd5 48. Ke3 Ke5 49. a3 Rc5 50. Kd3 f5 51. Rxg5 Kf4 52. Rg6 fxg4 53. Rxe6 Kf3 54. Rf6+ Kg2 55. Rg6 g3 56. Kd4 Rf5 57. Kc3 Kf3 58. a4 bxa4 59. bxa4 Rf4 60. a5 g2 61. a6 Kf2 62. a7 Rf8 63. Kc4 Ra8 64. Rf6+ Ke2 1/2-1/2

[Event "SVK-chT3A2 1011"]
[Site "Slovakia"]
[Date "2010.12.12"]
[Round "5.2"]
[White "Janko, Ladislav"]
[Black "Cechovic, Stefan"]
[Result "1-0"]
[WhiteElo "2239"]
[BlackElo "2190"]
[PlyCount "81"]
[EventDate "2010.10.17"]
[EventType "team-tourn"]
[EventRounds "11"]
[EventCountry "SVK"]
[SourceTitle "EXT 2012"]
[Source "ChessBase"]
[SourceDate "2011.11.24"]
[SourceVersion "1"]
[SourceVersionDate "2011.11.24"]
[SourceQuality "1"]
[WhiteTeam "Gabcikovo Russel"]
[BlackTeam "Cífer"]
[WhiteTeamCountry "SVK"]
[BlackTeamCountry "SVK"]

1. e4 e5 2. Nf3 Nf6 3. Nxe5 d6 4. Nf3 Nxe4 5. Nc3 Nxc3 6. dxc3 Be7 7. Be3 Nc6 8. Qd2 Be6 9. 0-0-0 Qd7 10. Nd4 0-0 11. Nxe6 Qxe6 12. Kb1 Bf6 13. Be2 Ne5 14. Qd5 Qxd5 15. Rxd5 b6 16. Bc1 Rad8 17. f4 Ng6 18. g4 c6 19. Rdd1 d5 20. h4 Rfe8 21. Bd3 Nf8 22. g5 Be7 23. Rhe1 Bd6 24. Rxe8 Rxe8 25. Ba6 Ne6 26. Bb7 Nd8 27. Bc8 Re4 28. Bf5 Rc4 29. Bd3 Rc5 30. Be3 Ra5 31. c4 Ne6 32. Bd2 Ra4 33. b3 Ra3 34. f5 Nf4 35. Bf1 Kf8 36. Kb2 Ra5 37. b4 Ra4 38. Kb3 Ra6 39. c5 bxc5 40. Bxa6 c4+ 41. Ka4 1-0

[Event "SVK-chT1W 0910"]
[Site "Slovakia"]
[Date "2010.02.14"]
[Round "9.5"]
[White "Janko, Ladislav"]
[Black "Janos, Martin"]
[Result "0-1"]
[WhiteElo "2233"]
[BlackElo "2192"]
[PlyCount "152"]
[EventDate "2009.10.17"]
[EventType "team"]
[EventRounds "11"]
[EventCountry "SVK"]
[SourceTitle "EXT 2011"]
[Source "ChessBase"]
[SourceDate "2010.11.26"]
[SourceVersion "1"]
[SourceVersionDate "2010.11.26"]
[SourceQuality "1"]
[WhiteTeam "Nove Zamky Basta"]
[BlackTeam "Bratislava Doprastav II"]
[WhiteTeamCountry "SVK"]
[BlackTeamCountry "SVK"]

1. e4 d6 2. d4 Nd7 3. Bd3 e5 4. c3 Be7 5. Nf3 Ngf6 6. 0-0 0-0 7. Re1 Re8 8. Nbd2 Nf8 9. Bc4 exd4 10. Qb3 d5 11. Bxd5 Nxd5 12. exd5 dxc3 13. bxc3 Bf6 14. Rxe8 Qxe8 15. Ba3 Bf5 16. Re1 Qc8 17. Be7 Bxe7 18. Rxe7 Ng6 19. Re1 h6 20. Nd4 b6 21. N2f3 Bd7 22. h4 Qf8 23. g3 Qd6 24. c4 a6 25. h5 Nf8 26. Ne5 Re8 27. Ndf3 Bf5 28. Qa4 Re7 29. Qxa6 f6 30. Nc6 Rxe1+ 31. Nxe1 Bg4 32. Nc2 Bxh5 33. N2d4 Kh7 34. Qc8 Bg6 35. Nb5 Qc5 36. Qg4 h5 37. Qe2 Nd7 38. Nxc7 Qa3 39. Ne6 Qd3 40. Kf1 Qb1+ 41. Kg2 Be4+ 42. f3 Bd3 43. Qd2 Bxc4 44. Nb4 Qf1+ 45. Kh2 Be2 46. Nf4 Bxf3 47. Qd3+ Qxd3 48. Nfxd3 Kg6 49. Kg1 Kf5 50. Kf2 Ke4 51. Nb2 Bg4 52. Nc4 Kd4 53. Ne3 Bh3 54. Ke2 Kc3 55. Nc6 Nc5 56. Nd1+ Kc4 57. Ne3+ Kb5 58. Nd4+ Ka4 59. d6 Bc8 60. Nd5 Nd7 61. Kd3 Bb7 62. Nc3+ Kb4 63. Nf5 g5 64. Kd4 Bf3 65. Nb1 Bg4 66. Ne7 h4 67. Nd5+ Kb5 68. Nbc3+ Kc6 69. gxh4 gxh4 70. Ne4 h3 71. Ne7+ Kb5 72. Nf2 h2 73. Ke4 Ne5 74. Ng8 Bf3+ 75. Ke3 Ng4+ 76. Kxf3 Nxf2 0-1